| 000 | 00707nam a2200253 a 4500 | ||
|---|---|---|---|
| 001 | adlib96000001 | ||
| 003 | ViArRB | ||
| 005 | 200902210153555.7 | ||
| 008 | 960221s1955 dcuabcdjdbkoqu001 0deng d | ||
| 020 | _a | ||
| 022 | _a | ||
| 040 | _aAdlib | ||
| 082 | _a66:543(03) | ||
| 245 | _aEncyclopedia of industrial chemical analysis | ||
| 250 | _a | ||
| 260 |
_aNew York _bWiley Eastern _c1966 |
||
| 300 |
_a _c |
||
| 500 | _a 20 Vol. | ||
| 100 |
_aSnell, Foster Dee _eed. by |
||
| 700 |
_aHilton, Clifford L. _a |
||
| 942 | _cREF | ||
| 653 | _aIndustrial chemical analysis | ||
| 952 |
_w2010-06-16 _p00004132 _r2010-06-16 _40 _00 _bUL _10 _o66:543(03) ENC.16 _d2010-06-16 _70 _yREF _aUL |
||
| 999 |
_c24125 _d24124 |
||